| 000 | 00366cam a2200145ua 4500 | ||
|---|---|---|---|
| 041 |
_aeng _h |
||
| 082 |
_a824 _bRUS/SC |
||
| 100 | _aRussell , Bertrand . | ||
| 245 |
_aScientific outlook / _cBertrand Russell. _hTextual Documents |
||
| 260 |
_aLondon : _bGeorge Allen & Unwin Ltd , _c1962. |
||
| 300 | _a285 ; . | ||
| 504 | _a | ||
| 942 | _cBK | ||
| 999 |
_c6926 _d6926 |
||